000 00598nam a2200193Ii 4500
003 JO-AjNU
008 230605s9999||||xx |||||||||||||| ||und||
040 _aJO-AjNU
_bara
_erda
_cJO-AjNU
041 _aara
050 1 4 _aPJ7862.H68.A17 1933
100 3 _aتأليف: شوقي بك، أحمد,
_eauthor
_938757
245 0 0 _aدول العرب وعظماء الإسلام
264 3 1 _aد.م : د.ن ،1995
300 _a109ص
336 _atext
_btxt
_2rdacontent
337 _aunmediated
_bn
_2rdamedia
338 _avolume
_bnc
_2rdacarrier
650 4 _aالشعر العربي - مصر
_938758
999 _aA16310
_c19878
_d19878